| 000 -LEADER |
| fixed length control field |
01682 a2200277 4500 |
| 003 - CONTROL NUMBER IDENTIFIER |
| control field |
Nust |
| 005 - DATE AND TIME OF LATEST TRANSACTION |
| control field |
20170207152515.0 |
| 010 ## - LIBRARY OF CONGRESS CONTROL NUMBER |
| LC control number |
2004058946 |
| 020 ## - INTERNATIONAL STANDARD BOOK NUMBER |
| International Standard Book Number |
0387231773 (alk. paper) |
| 040 ## - CATALOGING SOURCE |
| Transcribing agency |
Nust |
| 082 00 - DEWEY DECIMAL CLASSIFICATION NUMBER |
| Classification number |
621.3827 |
| 245 10 - TITLE STATEMENT |
| Title |
Optical networks and technologies / |
| Statement of responsibility, etc. |
edited by Ken-Ichi Kitayama, Francesco Masetti-Placci, Giancarlo Prati. |
| Remainder of title |
IFIP TC6/WG6.10 First Optical Networks & Technologies Conference (OpNeTec), October 18-20, 2004, Pisa, Italy ; |
| 260 ## - PUBLICATION, DISTRIBUTION, ETC. |
| Place of publication, distribution, etc. |
New York : |
| Name of publisher, distributor, etc. |
Springer, |
| Date of publication, distribution, etc. |
2005. |
| 300 ## - PHYSICAL DESCRIPTION |
| Extent |
xx, 610 p. : |
| Other physical details |
ill. ; |
| Dimensions |
24 cm. |
| 490 1# - SERIES STATEMENT |
| Series statement |
International federation for Information Processing ; |
| Volume/sequential designation |
164 |
| 505 ## - FORMATTED CONTENTS NOTE |
| Formatted contents note |
Perspectives On Optical Networks And Technologies (Page-1)partA1Optical packet switching/optical burst switching(page 45),Part A2 Routing(page 103)Part A3:GMPLS and network control(page 161) PartA4 traffic engineering(page 219)PartA5 Techniques for optical node(page 271)Part B1 Transmission system(page 305)Part B2 Modulation formats(page 355)Part B3 All optical processing(page 401)Part B4 Photonic devices(page 449)Part B5 Polarization mode dispersion(page 497)Poster Session (Page-535)Index 607 |
| 538 ## - SYSTEM DETAILS NOTE |
| System details note |
Almirah No 26 Shelf No 5 |
| 650 #0 - SUBJECT ADDED ENTRY--TOPICAL TERM |
| Topical term or geographic name entry element |
Telecommunication engineering |
| 700 1# - ADDED ENTRY--PERSONAL NAME |
| Personal name |
Kitayama, Ken-Ichi. |
| 700 1# - ADDED ENTRY--PERSONAL NAME |
| Personal name |
Masetti-Placci, Francesco. |
| 700 1# - ADDED ENTRY--PERSONAL NAME |
| Personal name |
Prati, Giancarlo. |
| 710 2# - ADDED ENTRY--CORPORATE NAME |
| Corporate name or jurisdiction name as entry element |
International Federation for Information Processing. |
| 830 #0 - SERIES ADDED ENTRY--UNIFORM TITLE |
| Uniform title |
International Federation for Information Processing (Series) ; |
| 856 42 - ELECTRONIC LOCATION AND ACCESS |
| Materials specified |
Publisher description |
| Uniform Resource Identifier |
<a href="http://www.loc.gov/catdir/enhancements/fy0823/2004058946-d.html">http://www.loc.gov/catdir/enhancements/fy0823/2004058946-d.html</a> |
| 856 42 - ELECTRONIC LOCATION AND ACCESS |
| Materials specified |
Table of contents only |
| Uniform Resource Identifier |
<a href="http://www.loc.gov/catdir/enhancements/fy0823/2004058946-t.html">http://www.loc.gov/catdir/enhancements/fy0823/2004058946-t.html</a> |
| 942 ## - ADDED ENTRY ELEMENTS (KOHA) |
| Koha item type |
Reference |